000 00375nam a2200145Ia 4500
008 230917s9999||||xx |||||||||||||| ||und||
040 _e27516
_aMAIN
041 _aEnglish
082 _a657.95 R188R
100 _aRathnam, P V
245 0 _aRathnam's company accounts: Theory, problems & solutions
260 _aNew Delhi
_bHimalaya
_c1996
300 _a165 p.
942 _cBK
999 _c97712
_d97712